Detalles MARC
| 000 -CABECERA |
| campo de control de longitud fija |
00908nam a2200229 a 4500 |
| 001 - NÚMERO DE CONTROL |
| campo de control |
000022915 |
| 005 - FECHA Y HORA DE LA ÚLTIMA TRANSACCIÓN |
| campo de control |
20200930021853.0 |
| 008 - DATOS DE LONGITUD FIJA--INFORMACIÓN GENERAL |
| campo de control de longitud fija |
101122s1978 mx a r 000 0 spa d |
| 040 ## - FUENTE DE LA CATALOGACIÓN |
| Centro catalogador/agencia de origen |
DO-SdBNP |
| Lengua de catalogación |
spa |
| Centro/agencia transcriptor |
BNPHU |
| 041 17 - CÓDIGO DE LENGUA |
| Código de lengua del texto/banda sonora o título independiente |
spa |
| Código de lengua original |
eng |
| 082 ## - NÚMERO DE LA CLASIFICACIÓN DECIMAL DEWEY |
| Número de clasificación |
nnnn |
| Número de documento/Ítem |
B277a |
| 049 ## - FONDOS LOCALES (OCLC) |
| Fondos de biblioteca |
BNGR |
| 100 1# - ENTRADA PRINCIPAL--NOMBRE DE PERSONA |
| Nombre de persona |
Barrons, Keith C., |
| 9 (RLIN) |
47108 |
| 240 14 - TÍTULO UNIFORME |
| Título uniforme |
The food in your future: steps to abundance. |
| Lenguaje de la obra |
Español. |
| 245 13 - MENCIÓN DE TÍTULO |
| Título |
La alimentación en el mundo del futuro : |
| Resto del título |
pautas para una mayor productividad / |
| Mención de responsabilidad, etc. |
Keith C. Barrons ; traducción de José Clementi. |
| 260 ## - PUBLICACIÓN, DISTRIBUCIÓN, ETC. |
| Lugar de publicación, distribución, etc. |
México ; : |
| Nombre del editor, distribuidor, etc. |
Editores Asociados ; |
| -- |
Edisar, |
| Fecha de publicación, distribución, etc. |
1978. |
| 300 ## - DESCRIPCIÓN FÍSICA |
| Extensión |
215 p. : |
| Otras características físicas |
il. ; |
| Dimensiones |
20 cm. |
| 504 ## - NOTA DE BIBLIOGRAFÍA, ETC. |
| Nota de bibliografía, etc. |
Incluye notas al pie de las páginas. |
| 534 ## - NOTA SOBRE LA VERSIÓN ORIGINAL |
| Frase introductoria |
Título original en inglés: |
| Mención de título del original |
The food in your future: steps to abundance. |
| Publicación, distribución, etc. del original |
Nueva York: Van Nostrand Reinhold, 1975. |
| 590 ## - NOTA LOCAL (RLIN) |
| Nota local |
Inventariado, 2019/VM |
| 700 1# - PUNTO DE ACCESO ADICIONAL--NOMBRE DE PERSONA |
| Nombre de persona |
Clementi, José, |
| Término indicativo de función/relación |
tr. |
| 9 (RLIN) |
41126 |